01288 2200613 4500001002100000005001500021035002000036008004100056245002900097100001900126250000600145260003100151300001200182084001400194082000800208650001400216990001200230990001200242990001200254990001200266990001200278990001200290990001200302990001200314990001200326990001200338990001200350990001200362990001200374990001200386990001200398990001200410990001200422990001200434990001200446990001200458990001200470990001200482990001200494990001200506990001200518990001200530990001200542990001200554990001200566990001200578990001200590990001200602990001200614990001200626990001200638990001200650990001200662INLIS00000000000074020240430111918 a0010-0424000716240430 0 ind 1 aKimia 2 /cMichael Purba aPurba, Michael a1 aJakarta :bErlangga,c2018 a387 hlm a540 MIC k a540 4aNon Fiksi a0739398 a0739399 a0739400 a0739401 a0739402 a0739403 a0739404 a0739405 a0739406 a0739407 a0739408 a0739409 a0739410 a0739411 a0739412 a0739413 a0739414 a0739415 a0739416 a0739417 a0739418 a0739419 a0739420 a0739421 a0739422 a0739423 a0739424 a0739425 a0739426 a0739427 a0739428 a0739429 a0739430 a0739431 a0739432 a0739433 a0739434